<?xml version="1.0" encoding="UTF-8"?>
<record
    xmlns:xsi="http://www.w3.org/2001/XMLSchema-instance"
    xsi:schemaLocation="http://www.loc.gov/MARC21/slim http://www.loc.gov/standards/marcxml/schema/MARC21slim.xsd"
    xmlns="http://www.loc.gov/MARC21/slim">

  <leader>00353    a2200157   4500</leader>
  <controlfield tag="005">20250509140134.0</controlfield>
  <controlfield tag="008">250509b        |||||||| |||| 00| 0 eng d</controlfield>
  <datafield tag="020" ind1=" " ind2=" ">
    <subfield code="a">9789355515414</subfield>
  </datafield>
  <datafield tag="041" ind1=" " ind2=" ">
    <subfield code="a">English</subfield>
  </datafield>
  <datafield tag="100" ind1=" " ind2=" ">
    <subfield code="a">Kanetkar Y.</subfield>
  </datafield>
  <datafield tag="245" ind1=" " ind2=" ">
    <subfield code="a">Let Us Python</subfield>
  </datafield>
  <datafield tag="260" ind1=" " ind2=" ">
    <subfield code="b">BPB </subfield>
    <subfield code="c">2019</subfield>
  </datafield>
  <datafield tag="300" ind1=" " ind2=" ">
    <subfield code="a">493</subfield>
  </datafield>
  <datafield tag="700" ind1=" " ind2=" ">
    <subfield code="a">Kanetkar A.</subfield>
    <subfield code="9">212038</subfield>
  </datafield>
  <datafield tag="942" ind1=" " ind2=" ">
    <subfield code="c">BK</subfield>
  </datafield>
  <datafield tag="999" ind1=" " ind2=" ">
    <subfield code="c">362215</subfield>
    <subfield code="d">362215</subfield>
  </datafield>
  <datafield tag="952" ind1=" " ind2=" ">
    <subfield code="0">0</subfield>
    <subfield code="1">0</subfield>
    <subfield code="2">ddc</subfield>
    <subfield code="4">0</subfield>
    <subfield code="7">0</subfield>
    <subfield code="a">CCEP</subfield>
    <subfield code="b">CCEP</subfield>
    <subfield code="d">2024-11-27</subfield>
    <subfield code="e">63</subfield>
    <subfield code="g">299.25</subfield>
    <subfield code="l">11</subfield>
    <subfield code="o">005.13'3 KAN</subfield>
    <subfield code="p">CCEP-BK-67676</subfield>
    <subfield code="q">2026-06-10</subfield>
    <subfield code="r">2026-05-12 11:43:20</subfield>
    <subfield code="s">2026-05-12</subfield>
    <subfield code="v">399.00</subfield>
    <subfield code="w">2024-11-27</subfield>
    <subfield code="y">BK</subfield>
  </datafield>
</record>
